| 000 | 00362nam a22001337a 4500 | ||
|---|---|---|---|
| 082 |
_a621.3126 _bCAR _cL-10, P-16 |
||
| 100 |
_aCarr, T. H. _941321 |
||
| 245 |
_aSub-Stations Practice/ _cT. H. Carr |
||
| 260 |
_aLondon.: _bChampman & Hall, _c1952. |
||
| 300 | _axii, 467p. | ||
| 526 |
_a0 _b0 _c0 _d621_312600000000000_CAR |
||
| 650 |
_aMCE _9379 |
||
| 942 |
_2ddc _cBK |
||
| 999 |
_c545465 _d545465 |
||